00628nam a2200205Ia 4500003000900000008004100009040001300050040001300063041000800076100002600084245005600110250000900166260002100175260000900196300001000205490000600215942000700221999001300228952018100241IT-RoPAU120407s9999 xx 000 0 und d aIT-RoPAU cIT-RoPAU aita aCarlo Tommaso Dragone aSpiegazione teologica del catechismo di Pio X. 3 v. aAlba aEdizioni Paoline c1950 c19 cm v1 cBK c290d290 00102ddc406238_17000000000000071aPAULUSbPAULUSd2012-04-11l0o238.17r2012-04-11 00:00:00w2012-04-11yBKzInserito da: In data: n.d. fondo: Via A.Severo 56 Progr:33223